Beetlejuice the musical - Dead Mom - Statistics

General Stats
  • This quiz has been taken 314 times
  • The average score is 145 of 247
Answer Stats
Hint Answer % Correct
dead
100%
mom
100%
I
99%
mom,
99%
a
98%
help
97%
need
97%
here
96%
Lydia Hey
96%
i'm
96%
little
96%
dead
93%
mom,
92%
here
91%
i
91%
i
91%
to
91%
But
90%
Dead
90%
mom?
90%
mom
90%
talking
90%
Dead
89%
Dead
89%
Mom
89%
myself
89%
the
89%
you
89%
are
88%
here,
88%
in
88%
you
88%
ground?
87%
i'm
87%
me
87%
really
87%
all
86%
around
86%
feel
86%
you
86%
a
85%
Are
85%
ask
85%
Cause
85%
gotta
85%
I'm
85%
to
84%
you
83%
me
82%
my
82%
It
80%
mom"
80%
a
79%
He
79%
me
79%
who
79%
to
78%
a
77%
made
77%
of
77%
broken
76%
bunch
76%
in
76%
of
76%
pieces
76%
was
76%
whole
76%
but
75%
feel
75%
me
75%
Daddy
74%
Like
74%
real
74%
all,
73%
Cause
73%
tired
73%
tryin'
73%
your
73%
i'm
72%
you
72%
at
71%
iron
71%
like
71%
my
71%
out
71%
the
71%
for
70%
for
70%
it
70%
my
70%
And
69%
creases
69%
daddy's
69%
Dad's
69%
day
69%
denial
69%
forget
69%
get
69%
happy
69%
"hurry
69%
my
69%
starin'
69%
up
69%
You
69%
about
68%
clap
68%
doesn't
68%
Every
68%
I
68%
me
68%
seal
68%
to
68%
wanna
68%
daddy's
67%
smile
67%
Are
66%
i'm
66%
to
66%
wants
66%
you
66%
along
65%
i'm
65%
your
65%
it?
64%
Move
64%
performing
64%
Your
64%
in
63%
my
63%
my
63%
And
62%
in
62%
me
62%
a
61%
a
61%
A
61%
and
61%
and
61%
I'm
61%
lost
61%
me
61%
mom
61%
while
61%
a
60%
his
59%
mind
59%
won't
59%
you
59%
a
57%
mess
57%
that
57%
want
57%
when
57%
become
56%
believe
56%
daddy
56%
ignored
56%
we've
56%
Dead
54%
Mom!
54%
prob'ly
54%
to
54%
of
53%
be
52%
Daddy's
52%
home
52%
of
52%
You're
52%
and
51%
clone
51%
destination
51%
go
51%
creation
50%
believe
49%
hand
49%
held
49%
it
49%
strange
49%
life
48%
no
48%
out
48%
came
46%
daddy's
46%
your
46%
easy
44%
jokes
44%
sees
44%
won't
44%
Now
43%
one
43%
don't
42%
land
42%
is
40%
Mama,
40%
Nothing
38%
this
38%
fit
36%
seems
36%
One
35%
No
34%
something
34%
Mama,
32%
done
30%
Or
29%
receiving?
29%
Take
29%
Or
28%
run
28%
soul
28%
can
26%
don't
26%
where
26%
i'll
25%
bedroom
24%
Wake
23%
Or
21%
hope
19%
moving
19%
Twenty
19%
lose
16%
didn't
15%
forward
15%
i'll
15%
running
14%
send
14%
sign?
14%
time
14%
plague
13%
mice,
12%
lightning
11%
strike
10%
if
9%
bomb
8%
nuclear
8%
drop
7%
make
7%
game
6%
more
6%
playing
6%
change
4%
him
4%
insane
4%
name
4%
say
4%
takes
4%
things
4%
whatever
4%
No matching quizzes found
Score Distribution
Percent of People with Each Score
Percentile by Number Answered
Your Score History
You have not taken this quiz